000 00464nam a22001577a 4500
999 _c528351
_d528351
020 _qHard Cover.
082 _a510
100 _aSabeel-e- Hafi
245 _aPolynomials and indices of some molecular graphs /
_cSabeel-e-Hafi
260 _aIslamabad:
_bSNS - NUST,
_c2016.
300 _a51 p. : ill. ;
_c30cm.
942 _2ddc
_cTHE
650 _aMs Thesis.
_918721
700 _aDr. Rashid Farooq.
_916579